书目信息 |
| 题名: |
名人故居中的情怀与担当
|
|
| 作者: | 滕平 , 陈丕君 , 吕东 主编 | |
| 分册: | ||
| 出版信息: | 北京 中国轻工业出版社 2020.5 |
|
| 页数: | 156页 | |
| 开本: | 24cm | |
| 丛书名: | ||
| 单 册: | ||
| 中图分类: | G631.4 | |
| 科图分类: | ||
| 主题词: | 中小学生--zhong xiao xue sheng--爱国主义教育--教学研究--上海 | |
| 电子资源: | ||
| ISBN: | 978-7-5184-2929-5 | |
| 000 | 01242nam0 2200265 450 | |
| 001 | 2161446473 | |
| 005 | 20210930094217.0 | |
| 010 | @a978-7-5184-2929-5@dCNY39.00 | |
| 100 | @a20200609d2020 em y0chiy0120 ea | |
| 101 | 0 | @achi |
| 102 | @aCN@b110000 | |
| 105 | @aa z 000yy | |
| 106 | @ar | |
| 200 | 1 | @a名人故居中的情怀与担当@Aming ren gu ju zhong de qing huai yu dan dang@e学区化育人方式转型的探索@f滕平, 陈丕君, 吕东主编 |
| 210 | @a北京@c中国轻工业出版社@d2020.5 | |
| 215 | @a156页@c图@d24cm | |
| 330 | @a本书收录了“天湖学区”10所学校通过寻访10所老洋房感受十大情怀的课程开发实施的成果。学区的学校在开发实施课程的过程中,从资源地图、课程赋能、学习目标、学程设计、课程实施、课程评价等要素进行了较为科学和完整的课程建构。依托这样的课程,探索了育人方式转型和学习方式变革,使得这一特色的学区化课程具备了跨学科学习、混合式学习、项目化学习、具身学习等新时代特征。 | |
| 517 | 1 | @a学区化育人方式转型的探索@Axue qu hua yu ren fang shi zhuai xing de tan suo |
| 606 | 0 | @a中小学生@Azhong xiao xue sheng@x爱国主义教育@x教学研究@y上海 |
| 690 | @aG631.4@v5 | |
| 701 | 0 | @a滕平@Ateng ping@4主编 |
| 701 | 0 | @a陈丕君@Achen pi jun@4主编 |
| 701 | 0 | @a吕东@Alv dong@4主编 |
| 801 | 0 | @aCN@b百万庄@c20210928 |
| 905 | @b1302510-13@dG631.4@e1285@f4 | |
| 名人故居中的情怀与担当:学区化育人方式转型的探索/滕平, 陈丕君, 吕东主编.-北京:中国轻工业出版社,2020.5 |
| 156页:图;24cm |
| ISBN 978-7-5184-2929-5:CNY39.00 |
| 本书收录了“天湖学区”10所学校通过寻访10所老洋房感受十大情怀的课程开发实施的成果。学区的学校在开发实施课程的过程中,从资源地图、课程赋能、学习目标、学程设计、课程实施、课程评价等要素进行了较为科学和完整的课程建构。依托这样的课程,探索了育人方式转型和学习方式变革,使得这一特色的学区化课程具备了跨学科学习、混合式学习、项目化学习、具身学习等新时代特征。 |
| ● |
| 相关链接 |
|
|
|
|
正题名:名人故居中的情怀与担当
索取号:G631.4/1285
 
预约/预借
| 序号 | 登录号 | 条形码 | 馆藏地/架位号 | 状态 | 备注 |
| 1 | 1302510 | 213025108 | 第一样本阅览室/ [索取号:G631.4/1285] | 在馆 | |
| 2 | 1302511 | 213025117 | 第四借阅区/ [索取号:G631.4/1285] | 在馆 | |
| 3 | 1302512 | 213025126 | 第四借阅区/ [索取号:G631.4/1285] | 在馆 | |
| 4 | 1302513 | 213025135 | 第四借阅区/ [索取号:G631.4/1285] | 在馆 |